00697nam a22001337a 4500008004100000020001500041050001700056100002100073245007100094260004700165300003100212505029900243700002100542190807b xxu||||| |||| 00| 0 eng d a0809209101 aHF5429.26.G7 aGrebel, Rosemary aContemporary's: make your mark in retail jobs. /cRosemary Grebel. aIllinois:bContemporary books Inc.,c1997. aiv, 124 p.:bill.;c28 cm. aContents: No waiting on register three! -- Looking for anything special? -- Do you have an account? -- Would you like something else? -- Who will set the alarm? -- The department looks great! -- Cleanup on aisle 10B -- May I have your order? -- Are you accepting applications? -- A new manager. aPogrund, Phyllis